Normal view
MARC view
- Nadir, Humel
Entry Personal Name
001 - CONTROL NUMBER
- control field: 122980
003 - CONTROL NUMBER IDENTIFIER
- control field: NUST
005 - DATE AND TIME OF LATEST TRANSACTION
- control field: 20240528125231.0
008 - FIXED-LENGTH DATA ELEMENTS
- fixed length control field: 240528|| aca||aabn | a|a d
040 ## - CATALOGING SOURCE
- Original cataloging agency: NUST
- Transcribing agency: NUST
100 ## - HEADING--PERSONAL NAME
- Personal name: Nadir, Humel
670 ## - SOURCE DATA FOUND
- Source citation: Work cat.: (NUST): Nadir, Humel, VISIT TO YAŞAR UNIVERSITY & PINAR INDUSTRY
